Applied Numerical Methods using MATLAB

Saved in:
Bibliografiske detaljer
Main Authors: Yang, Won Young (Author), Cao, Wenwu (Author), Chung, Tae-Sang (Author), Morris, John (Author)
Format: Bog
Sprog:engelsk
Udgivet: Hoboken John Wiley and Sons 2005
Fag:
Tags: Tilføj Tag
Ingen Tags, Vær først til at tagge denne postø!

MARC

LEADER 00000nam a2200000 a 4500
001 UCH3044
003 CL-VaPUC
008 090709e20050000us |||||||||||||||||eng|d
020 |a 0471698334 
082 0 4 |a 519.40285  |b YAN  |2 21 
100 0 |a Yang, Won Young  |e author  |9 538204 
700 0 |a Cao, Wenwu  |e author  |9 538205 
700 0 |a Chung, Tae-Sang  |e author  |9 538206 
700 0 |a Morris, John  |e author  |9 538207 
245 1 0 |a Applied Numerical Methods using MATLAB 
300 |a 509 p 
942 |c BK 
945 |d 20090709 00:00:00  |a dcastane 
260 |a Hoboken  |b John Wiley and Sons  |c 2005 
600 0 7 |a MATLAB  |2 CL-VaPUC  |9 367380 
650 0 |a Análisis numérico   |9 259387 
650 0 |a Matemáticas para ingenieros  |9 259317 
650 0 |a Proceso de datos   |9 259776 
650 0 |a Software  |9 387312 
583 |a last modification  |c 20171116 02:27:56  |k Rodrigo Vera 
999 |c 334701  |d 334699 
952 |0 0  |1 0  |4 0  |6 519_402850000000000_YAN_2005  |7 0  |8 A  |9 423836  |a BIBING  |b BIBING  |d 2019-11-22  |i 4570871  |o 519.40285 YAN 2005  |p 4570871  |r 2025-01-20  |w 2019-11-22  |y BK  |k EIB